000 00283 a2200121 4500
001 146746
040 _cEscola São Tomás de Aquino
100 _aSLAWSKI, Wolfgang
240 1 0 _aO trem da amizade
_lpor
245 1 0 _aO trem da amizade
697 _a*LITERATURA INFANTO
942 _cBK
999 _c146746
_d146746